000 00611nam a2200253Ia 4500
005 20250425162007.0
008 250425s9999 xx 000 0 und d
020 _a9681820282
041 _aspa
082 _a621.902
100 _aHOFFMAN, EDWARD G.
245 0 _aTRABAJOS DE BANCO Y METALURGIA PRACTICA
250 _a1A ED.
260 _aMEXICO
260 _aMéxico
_bLIMUSA
_c1991
300 _a200
650 _aHERRAMIENTAS DE MANO
650 _aMAQUINAS HERRAMIENTAS
650 _aMETALES
650 _aMETALURGIA
650 _aPROPIEDADES MECANICAS
942 _c01
010 _a39184
999 _c220283
_d220283